| 000 | 03236nam a22004337a 4500 | ||
|---|---|---|---|
| 005 | 2010050401381.0 | ||
| 008 | 100504t xxu||||| |||| 00| 0 eng d | ||
| 010 | _aB-421801-813 | ||
| 020 |
_a0230638988 _c350.00 |
||
| 020 |
_a9780230638983 _c350.00 |
||
| 035 | _aB-421801-813 | ||
| 037 | _bPUB/Macmillan | ||
| 040 |
_aDPL _beng |
||
| 082 | _a368 | ||
| 100 |
_aArunajatesan, S. _923873 |
||
| 245 |
_aRisk management and insurance : _cby S.Arunajatesan [and]T.R.Viswanathan _bconcepts and practices of life and general insurance / |
||
| 260 |
_aNew Delhi _bMacmillan India Ltd. _c2009 |
||
| 270 |
_a2/10, Ansari Road, Daryaganj, _bNew Delhi _e110092 |
||
| 300 |
_axvii, 468p.: _c26 cm. (Pbk) |
||
| 500 | _aincludes glossary and index | ||
| 650 |
_aRisk management _923874 |
||
| 650 |
_aInsurance _923875 |
||
| 700 |
_aViswanathan, T.R. _923876 |
||
| 942 |
_2ddc _cEN _mARU _h368 |
||
| 999 |
_c35639 _d35639 |
||